| 000 | 00489nam a2200169Ia 4500 | ||
|---|---|---|---|
| 008 | 090201s9999 xx 000 0 und d | ||
| 010 | _aKPL-28517 | ||
| 040 | _bमराठी | ||
| 041 | _aमराठी | ||
| 082 |
_a29982 _b28517 |
||
| 100 | _aमुक्ता केणेकर | ||
| 245 |
_aवारसा _cमुक्ता केणेकर |
||
| 260 |
_c2004 _bर वा काळे |
||
| 300 |
_a214 _bमोठा |
||
| 600 | _aवारसा | ||
| 942 | _cBOOK | ||
| 999 |
_c228541 _d228541 |
||